000 00269nam a2200097Ia 4500
008 240331s9999 xx 000 0 und d
082 _bBHO
100 _aBhoite, A
245 0 _aWomen employees and rural development :
_bproblems of employed women in rural areas
942 _cL
999 _c2625
_d2625